000 00811cam a2200241 a 4500
001 3998481
005 20180208035532.0
008 960626s1996 caua bf 001 0 eng c
010 _a 96026450
020 _a1565936361
040 _aDNLM/DLC
_cDLC
_dDLC
041 _aeng
060 1 0 _aWL 340.2 R845i 1996
080 _a616.8550651 rot
082 0 0 _a616.8550651 rot
_220
100 1 _a9
101 _apat
245 1 0 _aTreatment resource manual for speech-language pathology /
_cFroma P. Roth, Colleen K. Worthington.
504 _aIncludes bibliographical references (p. 312-319) and index.
906 _a7
_bcbc
_corignew
_d1
_eocip
_f19
_gy-gencatlg
942 _2ddc
_cBK
999 _c42092
_d42092